Antología de Historia de San Ramón : 150 aniversario (1844-1994).
Guardat en:
| Format: | Desconegut |
|---|---|
| Idioma: | Spanish |
| Publicat: |
San José, Costa Rica :
Guayacán Centroamericana,
c1994.
|
| Matèries: | |
| Etiquetes: |
Afegir etiqueta
Sense etiquetes, Sigues el primer a etiquetar aquest registre!
|
MARC
| LEADER | 000000000a22000000004500 | ||
|---|---|---|---|
| 001 | 002206 | ||
| 020 | |a 9977931674 | ||
| 041 | 0 | |a spa | |
| 082 | 0 | 4 | |a 972.867 |b A634a |
| 245 | 0 | 0 | |a Antología de Historia de San Ramón : |b 150 aniversario (1844-1994). |
| 260 | 1 | |a San José, Costa Rica : |b Guayacán Centroamericana, |c c1994. | |
| 300 | |a 106 páginas | ||
| 650 | 4 | |a SAN RAMON, ALAJUELA (COSTA RICA) - HISTORIA | |
| 999 | |c 8787 |d 8787 | ||
| 942 | |c BK |h 972.867 A634a |2 z | ||



